MARC details
| 000 -CABECERA |
| campo de control de longitud fija |
02567nam a2200469Ia 4500 |
| 001 - NÚMERO DE CONTROL |
| campo de control |
dia_2128 |
| 003 - IDENTIFICADOR DEL NÚMERO DE CONTROL |
| campo de control |
CHAP |
| 005 - FECHA Y HORA DE LA ÚLTIMA TRANSACCIÓN |
| campo de control |
20251126121223.0 |
| 007 - CAMPO FIJO DE DESCRIPCIÓN FÍSICA--INFORMACIÓN GENERAL |
| campo de control de longitud fija |
ta |
| 008 - DATOS DE LONGITUD FIJA--INFORMACIÓN GENERAL |
| campo de control de longitud fija |
220117s2016 mx abdof 001 0 spa d |
| 040 ## - FUENTE DE LA CATALOGACIÓN |
| Centro catalogador/agencia de origen |
mxchpua |
| Centro/agencia transcriptor |
CHAP |
| 090 ## - LOCALMENTE ASIGNADO TIPO-LC NÚMERO DE CLASIFICACIÓN (OCLC); NÚMERO DE CLASIFICACIÓN LOCAL (RLIN) |
| Número de clasificación (OCLC) (R) ; Numero de clasificación, CALL (RLIN) (NR) |
T.C.703 |
| Número cutter local (OCLC) ; Número de libro/Signatura topográfica íntegra, CALL (RLIN) |
P47 IA |
| Año |
2016 |
| 245 10 - MENCIÓN DE TÍTULO |
| Título |
Caracterización de las agroindustrias en los estados de Querétaro, Guanajuato, Jalisco, Nayarit y Sinaloa / |
| Mención de responsabilidad, etc. |
coordinador Artemio Pérez López ; colaboradores Armando Aparicio Curiel...[y otros] |
| 260 ## - PUBLICACIÓN, DISTRIBUCIÓN, ETC. |
| Lugar de publicación, distribución, etc. |
México: |
| Nombre del editor, distribuidor, etc. |
El autor, |
| Fecha de publicación, distribución, etc. |
2016 |
| 300 ## - DESCRIPCIÓN FÍSICA |
| Extensión |
174 hojas : |
| Otras características físicas |
ilustraciones, mapas, tablas, diagramas, fotos |
| 336 ## - TIPO DE CONTENIDO |
| Fuente |
rdacontent |
| Término de tipo de contenido |
texto |
| Código de tipo de contenido |
txt |
| 337 ## - TIPO DE MEDIO |
| Fuente |
rdamedia |
| Nombre/término del tipo de medio |
no mediado |
| Código del tipo de medio |
n |
| 338 ## - TIPO DE SOPORTE |
| Fuente |
rdacarrier |
| Nombre/término del tipo de soporte |
volumen |
| Código del tipo de soporte |
nc |
| 500 ## - NOTA GENERAL |
| Nota general |
Grado: 4° año Grupo: 04<br/>Directorio: hojas 163-168 |
| 502 ## - NOTA DE TESIS |
| Nota de tesis |
Viaje de estudios |
| Tipo de título |
(IA) -- |
| Nombre de la institución que otorga el título |
UACh. Departamento de Ingeniería Agroindustrial, |
| Año de obtención del título |
2016 |
| 504 ## - NOTA DE BIBLIOGRAFÍA, ETC. |
| Nota de bibliografía, etc. |
Bibliografía: hojas 162-164 |
| 505 00 - NOTA DE CONTENIDO CON FORMATO |
| Título |
Empresas visitadas: <br/>1. The Greenhouses tomatoes -- <br/>2. Viñedos Azteca -- <br/>3. La Tradicional de Salgado -- <br/>4. Cristalita -- <br/>5. Agroindustria de Frutas y Verduras -- <br/>6. Tenería Jover -- <br/>7. Ratro Municipal de aves de León ,Guanajuato -- <br/>8. Yakult, Guadalajara -- <br/>9. Krispy Kreme -- <br/>10. Grupo Modelo, S. A. B. de C. V. -- <br/>11. Grupo Bimbo -- <br/>12. Congeladora Oceanica -- <br/>13. Cervecería el pacífico, S. de R. L. de C. V. -- <br/>14. Sea Food Nayamex -- <br/>15. Productora Pecuaria Alpera -- <br/>16. Tequila Sauza -- <br/>17. Tequilera Don Valente -- <br/>18. Grupo Nu-3 (Empacadora Bonnacarne) -- <br/>19. Tequila Corralejo -- <br/>20. Tequilera La Candelaria |
| 650 10 - PUNTO DE ACCESO ADICIONAL DE MATERIA--TÉRMINO DE MATERIA |
| Término de materia o nombre geográfico como elemento de entrada |
Frutos |
| Subdivisión general |
Industria y comercio |
| Subdivisión geográfica |
México |
| 9 (RLIN) |
153646 |
| 650 10 - PUNTO DE ACCESO ADICIONAL DE MATERIA--TÉRMINO DE MATERIA |
| Término de materia o nombre geográfico como elemento de entrada |
Industria cervecera |
| Subdivisión geográfica |
México |
| 9 (RLIN) |
149284 |
| 650 10 - PUNTO DE ACCESO ADICIONAL DE MATERIA--TÉRMINO DE MATERIA |
| Término de materia o nombre geográfico como elemento de entrada |
Industria de los alimentos |
| Subdivisión geográfica |
México |
| 9 (RLIN) |
151398 |
| 650 10 - PUNTO DE ACCESO ADICIONAL DE MATERIA--TÉRMINO DE MATERIA |
| Término de materia o nombre geográfico como elemento de entrada |
Industria del vino |
| Subdivisión geográfica |
México |
| 9 (RLIN) |
149529 |
| 650 10 - PUNTO DE ACCESO ADICIONAL DE MATERIA--TÉRMINO DE MATERIA |
| Término de materia o nombre geográfico como elemento de entrada |
Verduras |
| Subdivisión general |
Industria y comercio |
| Subdivisión geográfica |
México |
| 9 (RLIN) |
153648 |
| 650 10 - PUNTO DE ACCESO ADICIONAL DE MATERIA--TÉRMINO DE MATERIA |
| Término de materia o nombre geográfico como elemento de entrada |
Food industry |
| Subdivisión geográfica |
Mexico |
| 9 (RLIN) |
151397 |
| 650 10 - PUNTO DE ACCESO ADICIONAL DE MATERIA--TÉRMINO DE MATERIA |
| Término de materia o nombre geográfico como elemento de entrada |
Brewing industry |
| Subdivisión geográfica |
México |
| 9 (RLIN) |
149282 |
| 650 10 - PUNTO DE ACCESO ADICIONAL DE MATERIA--TÉRMINO DE MATERIA |
| Término de materia o nombre geográfico como elemento de entrada |
Fruits |
| Subdivisión general |
Industry and trade |
| Subdivisión geográfica |
México |
| 9 (RLIN) |
153645 |
| 650 10 - PUNTO DE ACCESO ADICIONAL DE MATERIA--TÉRMINO DE MATERIA |
| Término de materia o nombre geográfico como elemento de entrada |
Vegetables |
| Subdivisión general |
Industry and trade |
| Subdivisión geográfica |
México |
| 9 (RLIN) |
153647 |
| 650 10 - PUNTO DE ACCESO ADICIONAL DE MATERIA--TÉRMINO DE MATERIA |
| Término de materia o nombre geográfico como elemento de entrada |
Wine industry |
| Subdivisión geográfica |
Mexico |
| 9 (RLIN) |
149531 |
| 700 1# - PUNTO DE ACCESO ADICIONAL--NOMBRE DE PERSONA |
| Nombre de persona |
Pérez López, Artemio |
| 9 (RLIN) |
149931 |
| Término indicativo de función/relación |
coordinador |
| 700 1# - PUNTO DE ACCESO ADICIONAL--NOMBRE DE PERSONA |
| Nombre de persona |
Aparicio Curiel, Armando |
| 9 (RLIN) |
153649 |
| Término indicativo de función/relación |
colaborador |
| 856 ## - LOCALIZACIÓN Y ACCESO ELECTRÓNICOS |
| Identificador Uniforme del Recurso |
<a href="http://10.13.5.2/ve/TC703IA/TC703IA2016-REPORTE.pdf">http://10.13.5.2/ve/TC703IA/TC703IA2016-REPORTE.pdf</a> |
| Texto de enlace |
DESCARGAR REPORTE |
| 942 ## - ELEMENTOS DE PUNTO DE ACCESO ADICIONAL (KOHA) |
| Fuente del sistema de clasificación o colocación |
Clasificación Universidad Autónoma de Chapingo |
| 901 ## - ELEMENTOS DE DATOS A LOCAL LDA (RLIN) |
| a |
T.C.703 P47 IA 2016 |
| 902 ## - ELEMENTOS DE DATOS B LOCAL, LDB (RLIN) |
| a |
M |
| 905 ## - ELEMENTOS DE DATOS E LOCAL, LDE (RLIN) |
| a |
5232272016 mx nmdl8223123322spa16 |
| 942 ## - ELEMENTOS DE PUNTO DE ACCESO ADICIONAL (KOHA) |
| Tipo de ítem Koha |
Viaje de Estudios |